| 000 | 00703nam a2200241Ia 4500 | ||
|---|---|---|---|
| 008 | 220216s9999 xx 000 0 und d | ||
| 100 | _aJacob J | ||
| 245 | 0 | _aInternational clone exchange and genetic enhancement research in Hevea brasiliensis | |
| 260 |
_bRubber Science _c2013 |
||
| 300 | _a12-Jan | ||
| 650 | _aBreeding,Clone Exchange,Genetic Enhancement,Genomic resources, Heterosis, Productivity | ||
| 700 | _aLam VanLai | ||
| 700 | _aMathurin KO | ||
| 700 | _aMydin K.K | ||
| 700 | _aOmokhafe KO | ||
| 700 | _aOthman R | ||
| 700 | _aSeneviratne W.M.G | ||
| 700 | _aTeerawatanasuk Kanikar | ||
| 700 | _aTuy MauLe | ||
| 700 | _aWeiguo Li | ||
| 700 | _aWoelan Sekhar | ||
| 942 | _cBS | ||
| 999 |
_c49063 _d49063 |
||